Angry Animals! Quiz Stats

 Plays Quiz Updated Jan 27, 2017

Support Sporcle.
Go Orange.
Score 0/25 Timer 03:00
2 Plays Today
Image Animal % Correct
Angry Shark
98.2%
Angry Tiger
98.2%
Angry Rabbit
98.2%
Angry Cat
98.1%
Angry Lion
97.4%
Angry Panda
97.1%
Angry Owl
96.8%
Angry Hippopotamus
96.7%
Angry Bear
96.3%
Angry Penguin
95.9%
Angry Seal
95.7%
Angry Eagle
95%
Angry Puppy
94.9%
Image Animal % Correct
Angry Horse
94.9%
Angry Ostrich
94.6%
Angry Giraffe
94.4%
Angry Cardinal
94.1%
Very Angry Baby Turtle
93.8%
Angry Gorilla
93.6%
Angry Kangaroo
91%
Angry Beaver
90.5%
Angry Raccoon
88.4%
Angry Sloth
87.6%
Angry Sheep
85.6%
Angry Llama
83.6%

You're not logged in!

Compare scores with friends on all Sporcle quizzes.
OR
Log In
Forgot?

From the Vault

Bush/Obama Facts

by SporcleAdmin

In honor of the changing of the guard, take a moment to compare some basic facts about both men, you might be surprised...but then again, maybe not.
Remove Ads.
Support Sporcle.
Get the best of Sporcle when you Go Orange. This ad-free experience offers more features, more stats, and more fun while also helping to support Sporcle. Thank you for becoming a member.

Show Comments

Extras

Top Quizzes Today


Score Distribution

Your Account Isn't Verified!

In order to create a playlist on Sporcle, you need to verify the email address you used during registration. Go to your Sporcle Settings to finish the process.

Report this User

Report this user for behavior that violates our Community Guidelines.

Details: